[Event "Intomart GfK Open"]
[Site "Hilversum NED"]
[Date "2009.06.27"]
[Round "1"]
[White "Galje,H"]
[Black "Giri,A"]
[Result "0-1"]
[WhiteElo "2152"]
[BlackElo "2517"]
[EventDate "2009.06.27"]

1. d4 Nf6 2. c4 c5 3. d5 e6 4. Nc3 exd5 5. cxd5 d6 6. e4 g6 7. f3 Bg7 8.
Bg5 O-O 9. Qd2 a6 10. a4 Qe8 11. Nge2 h5 12. Nc1 Nbd7 13. Be2 Ne5 14. O-O
Bd7 15. h3 b5 16. axb5 axb5 17. Rxa8 Qxa8 18. Nxb5 Bxb5 19. Bxb5 Rb8 20.
Be2 Nh7 21. b3 c4 22. bxc4 Rb2 23. Qe3 Nxg5 24. Qxg5 Qa7+ 25. Kh1 f6 26.
Qh4 Qe3 27. Qf2 Bh6 28. f4 Nxc4 29. Qf3 Qxf3 30. gxf3 Nb6 31. Re1 Na4 32.
Nd3 Rd2 33. Bf1 Nc3 34. Rc1 Nd1 35. Rc8+ Kf7 36. Rc7+ Ke8 37. Rh7 Kf8 38.
f5 Be3 39. fxg6 Bd4 40. Rxh5 Ne3 41. Nf4 Nxf1 42. Rh8+ Kg7 43. Rh7+ Kg8 44.
Ng2 Ng3+ 45. Kh2 Ne2 0-1

[Event "Intomart GfK Open"]
[Site "Hilversum NED"]
[Date "2009.06.28"]
[Round "2"]
[White "Motoc,A"]
[Black "Spoelman,W"]
[Result "0-1"]
[WhiteElo "2304"]
[BlackElo "2512"]
[EventDate "2009.06.27"]

1. d4 d5 2. c4 c6 3. Nc3 Nf6 4. Nf3 dxc4 5. a4 Bf5 6. e3 e6 7. Bxc4 Bb4 8.
O-O Nbd7 9. Qe2 O-O 10. e4 Bg4 11. e5 Nd5 12. Nxd5 cxd5 13. Bd3 f6 14. Qe3
Bxf3 15. Qxf3 fxe5 16. Qh3 e4 17. Qxe6+ Rf7 18. Bb1 Nf8 19. Qh3 Qb6 20. Ba2
Rd8 21. Be3 Be7 22. f3 exf3 23. Rxf3 Qxb2 24. Raf1 Bf6 25. R3f2 Qc3 26. Rf5
Rfd7 27. Qf3 Ne6 28. Bxd5 Rxd5 29. Rxd5 Rxd5 30. Qxd5 Qxe3+ 31. Kh1 Bxd4
32. Qxb7 h5 33. Qf7+ Kh7 34. Qxh5+ Qh6 35. Qf5+ Qg6 36. Qd5 Nf4 37. Qf3 Be5
38. g3 Ne6 39. Qd5 Ng5 40. Re1 Bc3 41. Re2 Bf6 42. a5 Qh5 43. Rf2 Qe8 44.
Rd2 Nf3 45. Qf5+ Kh6 46. Qf4+ Kh7 47. Qf5+ Kh6 48. Qf4+ Kg6 49. Qg4+ Ng5
50. Rd5 Kh7 51. Qh4+ Kg8 52. Qc4 Nf7 53. Rc5 Kh7 54. Qc2+ g6 55. Rc7 Bg7
56. Rxa7 Bd4 57. Rc7 Qe1+ 58. Kg2 Qg1+ 59. Kh3 Qf1+ 60. Kg4 Bg7 61. Qe4
Qd1+ 62. Kh3 Ng5+ 0-1

[Event "Intomart GfK Open"]
[Site "Hilversum NED"]
[Date "2009.06.28"]
[Round "2"]
[White "Pruijssers,R"]
[Black "Fridman,D2"]
[Result "1/2-1/2"]
[WhiteElo "2442"]
[BlackElo "2646"]
[EventDate "2009.06.27"]

1. e4 e5 2. Nf3 Nf6 3. Nxe5 d6 4. Nf3 Nxe4 5. Nc3 Nxc3 6. dxc3 Be7 7. Bf4
Nc6 8. Nd4 Nxd4 9. cxd4 Bd7 10. d5 Bf5 11. Bd3 O-O 12. O-O Bf6 13. Qd2 Qd7
14. c3 Rfe8 15. Rfe1 Bxd3 16. Qxd3 Qa4 17. Rxe8+ Rxe8 18. Be3 a6 19. h3 h6
20. Qd1 Qb5 21. Qb3 Re5 22. Qxb5 axb5 23. Rd1 Bg5 24. Bxg5 hxg5 25. Kf1 Kf8
26. Rd4 Ke7 27. b3 Kf6 28. Rd3 Re8 29. Rd2 Re4 30. Rd3 Ke7 31. f3 Re5 32.
Kf2 f5 33. Rd4 Kf6 34. g3 Re8 35. a4 bxa4 36. Rxa4 Re5 37. Rd4 b5 38. f4
gxf4 39. gxf4 Re8 40. Rb4 Rh8 41. Kg3 1/2-1/2

[Event "Intomart GfK Open"]
[Site "Hilversum NED"]
[Date "2009.06.28"]
[Round "2"]
[White "Slingerland,F"]
[Black "Nijboer,F"]
[Result "0-1"]
[WhiteElo "2389"]
[BlackElo "2562"]
[EventDate "2009.06.27"]

1. e4 c5 2. Nf3 e6 3. d4 cxd4 4. Nxd4 a6 5. Be2 Nf6 6. Nc3 Bb4 7. Qd3 d6 8.
Bd2 Nbd7 9. Nb3 O-O 10. a3 Nc5 11. Nxc5 Bxc5 12. Bf4 e5 13. Bg5 h6 14. Bxf6
Qxf6 15. O-O Be6 16. Nd5 Qg5 17. Rad1 0-1

[Event "Intomart GfK Open"]
[Site "Hilversum NED"]
[Date "2009.06.28"]
[Round "2"]
[White "Miedema,R"]
[Black "Haslinger,S"]
[Result "0-1"]
[WhiteElo "2370"]
[BlackElo "2544"]
[EventDate "2009.06.27"]

1. d4 d5 2. c4 c6 3. Nc3 Nf6 4. e3 a6 5. Nf3 b5 6. b3 Bg4 7. Be2 e6 8. O-O
Bd6 9. Bb2 O-O 10. h3 Bh5 11. Ne5 Bxe2 12. Nxe2 bxc4 13. bxc4 Nbd7 14. Qa4
Bxe5 15. dxe5 Ne4 16. Qxc6 Ndc5 17. f3 Rc8 18. Qxc8 Qxc8 19. fxe4 dxc4 20.
Bd4 Nxe4 21. Rf4 Qc6 22. Raf1 g5 23. Rxe4 Qxe4 24. Ng3 Qc2 25. Rf2 Qb1+ 26.
Kh2 Rc8 0-1

[Event "Intomart GfK Open"]
[Site "Hilversum NED"]
[Date "2009.06.28"]
[Round "2"]
[White "Giri,A"]
[Black "Van Eijk,S"]
[Result "1-0"]
[WhiteElo "2517"]
[BlackElo "2319"]
[EventDate "2009.06.27"]

1. d4 Nf6 2. c4 e6 3. Nf3 c5 4. d5 b5 5. Bg5 exd5 6. cxd5 d6 7. e3 a6 8. a4
b4 9. Nbd2 Be7 10. Nc4 Nbd7 11. a5 Bb7 12. Bxf6 Nxf6 13. Nb6 O-O 14. Qd3
Re8 15. Be2 Ra7 16. Bd1 Bf8 17. Nd2 Bc8 18. O-O g6 19. e4 Bg7 20. Ba4 Bd7
21. Bc6 Bxc6 22. dxc6 Qc7 23. f3 Nh5 24. Ndc4 Bd4+ 25. Kh1 Qxc6 26. Nd5 Bg7
27. Rad1 Rd7 28. Qc2 Rdd8 29. Rd3 Nf6 30. Ndb6 d5 31. Rfd1 d4 32. R3d2 Nh5
33. Nd5 Bh6 34. Re2 f5 35. Ncb6 fxe4 36. Rxe4 Qd6 37. Rde1 Ng7 38. Qc4 Kh8
39. Qxa6 Be3 40. Qb5 Qf8 41. Rxe8 Rxe8 42. a6 Nf5 43. Qxe8 Qxe8 44. a7 Qe5
45. a8=Q+ Kg7 46. Nxe3 dxe3 47. Qf8+ 1-0

[Event "Intomart GfK Open"]
[Site "Hilversum NED"]
[Date "2009.06.29"]
[Round "3"]
[White "Nijboer,F"]
[Black "Hendriks,W"]
[Result "1/2-1/2"]
[WhiteElo "2562"]
[BlackElo "2447"]
[EventDate "2009.06.27"]

1. e4 d6 2. d4 Nf6 3. Nc3 g6 4. Nf3 Bg7 5. Be2 O-O 6. O-O c5 7. dxc5 dxc5
8. h3 Nc6 9. e5 Nd7 10. e6 fxe6 11. Be3 b6 12. Ng5 Nde5 13. Qxd8 Nxd8 14.
a4 Nec6 15. Bd3 1/2-1/2

[Event "Intomart GfK Open"]
[Site "Hilversum NED"]
[Date "2009.06.29"]
[Round "3"]
[White "Haslinger,S"]
[Black "Reinderman,D"]
[Result "1/2-1/2"]
[WhiteElo "2544"]
[BlackElo "2560"]
[EventDate "2009.06.27"]

1. e4 c5 2. Nf3 Nc6 3. d4 cxd4 4. Nxd4 Nf6 5. Nc3 e5 6. Ndb5 d6 7. Bg5 a6
8. Na3 b5 9. Nd5 Be7 10. Bxf6 Bxf6 11. c4 b4 12. Nc2 a5 13. Be2 O-O 14. Qd3
Bg5 15. O-O Be6 16. Rfd1 Bxd5 17. cxd5 Nb8 18. Ne3 Nd7 19. Rac1 Rc8 20.
Rxc8 Qxc8 21. Bg4 Nc5 22. Qb5 Qb8 23. Qxb8 Rxb8 24. Nc4 Nxe4 25. Bf5 Nf6
26. Nxd6 g6 27. Bc2 Rd8 28. Nb7 Rxd5 29. Rxd5 Nxd5 30. Nxa5 Bc1 31. Nc4 Kf8
32. a4 bxa3 33. bxa3 f5 34. a4 e4 35. a5 Bf4 36. g4 Ke7 37. gxf5 1/2-1/2

[Event "Intomart GfK Open"]
[Site "Hilversum NED"]
[Date "2009.06.29"]
[Round "3"]
[White "Zatonskih,A"]
[Black "Krasenkow,M"]
[Result "0-1"]
[WhiteElo "2461"]
[BlackElo "2622"]
[EventDate "2009.06.27"]

1. d4 Nf6 2. c4 g6 3. g3 Bg7 4. Bg2 O-O 5. Nf3 d6 6. O-O c6 7. Nc3 Bf5 8.
b3 Ne4 9. Bb2 Nxc3 10. Bxc3 Be4 11. Qd2 Nd7 12. Rfd1 d5 13. Rac1 a5 14. Qe3
e6 15. Bf1 Bxf3 16. Qxf3 f5 17. Qe3 Re8 18. Qd2 Nf6 19. f3 h5 20. e3 g5 21.
Bd3 g4 22. f4 h4 23. cxd5 cxd5 24. Rc2 Bf8 25. b4 a4 26. b5 Re7 27. Kg2 Rh7
28. Rh1 Rc8 29. Rcc1 Ba3 30. Bb2 Bd6 31. a3 Rxc1 32. Qxc1 Qf8 33. gxh4 Rxh4
34. Qc3 Rh3 35. Bc1 Kf7 36. Bd2 Qh6 37. Qc1 Bxf4 38. exf4 Rxd3 39. Re1 Ne4
0-1

[Event "Intomart GfK Open"]
[Site "Hilversum NED"]
[Date "2009.06.29"]
[Round "3"]
[White "Fridman,D2"]
[Black "Motoc,A"]
[Result "1-0"]
[WhiteElo "2646"]
[BlackElo "2304"]
[EventDate "2009.06.27"]

1. d4 Nf6 2. c4 g6 3. Nc3 Bg7 4. g3 O-O 5. Bg2 d6 6. Nf3 c6 7. O-O a6 8. e4
Be6 9. Qb3 b5 10. d5 Bg4 11. e5 Ne8 12. Nd2 Bd7 13. a4 Bxe5 14. axb5 cxb5
15. cxb5 Bxc3 16. bxc3 Bxb5 17. c4 Bd7 18. Re1 Bf5 19. Nf3 Nd7 20. Bh6 Ng7
21. Nd4 Ne5 22. f4 Ng4 23. Bxg7 Kxg7 24. Nc6 Qc8 25. Qc3+ Nf6 26. Rxe7 Re8
27. Rxe8 Qxe8 28. Re1 Qc8 29. c5 a5 30. cxd6 a4 31. Ra1 Qa6 32. h3 h5 33.
Ra3 Qb6+ 34. Kh1 Re8 35. Rxa4 Qf2 36. Ne7 Bd7 37. Ra1 Rb8 38. Rf1 Qa2 39.
f5 Rb3 40. Qe5 Qb2 41. Qxb2 Rxb2 42. fxg6 fxg6 43. Nc6 Bf5 44. Nd4 Bd7 45.
Ne6+ Kf7 46. Nc5 Bf5 47. d7 Ke7 48. d6+ Kd8 49. Rxf5 gxf5 50. Bc6 Nxd7 51.
Nxd7 1-0

[Event "Intomart GfK Open"]
[Site "Hilversum NED"]
[Date "2009.06.29"]
[Round "3"]
[White "Vogel,Ja"]
[Black "L'Ami,E"]
[Result "0-1"]
[WhiteElo "2234"]
[BlackElo "2598"]
[EventDate "2009.06.27"]

1. d4 d5 2. c4 e6 3. Nf3 c6 4. e3 f5 5. Bd3 Nf6 6. O-O Bd6 7. b3 Qe7 8. Bb2
O-O 9. Nbd2 Bd7 10. Ne5 Be8 11. f4 Nbd7 12. a4 a5 13. Nxd7 Nxd7 14. Nf3 Bh5
15. Qc2 Kh8 16. cxd5 cxd5 17. Ne5 Nxe5 18. dxe5 Bc5 19. Bd4 Rac8 20. Qd2
Bb4 21. Qb2 g5 22. fxg5 Qxg5 23. Rf4 Rc7 24. Rc1 Rg7 25. Bf1 Rfg8 26. Qf2
Qd8 27. Kh1 Be7 28. Qc2 Bg5 29. Rf2 Qe8 30. Qd2 Bg4 31. Be2 Qh5 32. Bxg4
Qxg4 33. Qe2 Qh4 34. Rf3 Qh5 35. Rf2 Qh6 36. Rc3 Bh4 37. Rf3 Qh5 38. Rc1
Rxg2 39. Qxg2 Rxg2 40. Kxg2 Qg4+ 0-1

[Event "Intomart GfK Open"]
[Site "Hilversum NED"]
[Date "2009.06.30"]
[Round "4"]
[White "L'Ami,E"]
[Black "Spoelman,W"]
[Result "1/2-1/2"]
[WhiteElo "2598"]
[BlackElo "2512"]
[EventDate "2009.06.27"]

1. Nf3 d5 2. d4 Nf6 3. c4 c6 4. Nc3 dxc4 5. a4 Bf5 6. e3 e6 7. Bxc4 Bb4 8.
O-O Nbd7 9. Qe2 Bg6 10. e4 O-O 11. Bd3 Bh5 12. e5 Nd5 13. Nxd5 cxd5 14. Qe3
Bg6 15. Ne1 Qb6 16. Bxg6 hxg6 17. Nd3 Rfc8 18. Rd1 Rc6 19. h4 Be7 20. g3
Qb3 21. Bd2 Nb6 22. Ne1 Qxe3 23. Bxe3 Nc4 24. b3 Nxe3 25. fxe3 Rac8 26. Kf2
Kh7 27. Kf3 Rc3 28. Rab1 g5 29. hxg5 Bxg5 30. Nd3 g6 31. Ke2 a6 32. Rdc1 b5
33. axb5 axb5 34. Rxc3 Rxc3 35. b4 Rc2+ 36. Kf3 Rc3 37. Ke2 Rc2+ 1/2-1/2

[Event "Intomart GfK Open"]
[Site "Hilversum NED"]
[Date "2009.06.30"]
[Round "4"]
[White "Reinderman,D"]
[Black "Fridman,D2"]
[Result "1/2-1/2"]
[WhiteElo "2560"]
[BlackElo "2646"]
[EventDate "2009.06.27"]

1. e4 e5 2. Nf3 Nf6 3. Nxe5 d6 4. Nf3 Nxe4 5. Nc3 Nxc3 6. dxc3 Be7 7. Bf4
Nc6 8. Qd2 Be6 9. O-O-O Qd7 10. Kb1 a6 11. Ng5 Bxg5 12. Bxg5 f6 13. Be3
O-O-O 14. b3 Rhe8 15. Be2 Bg4 16. Rhe1 Bxe2 1/2-1/2

[Event "Intomart GfK Open"]
[Site "Hilversum NED"]
[Date "2009.06.30"]
[Round "4"]
[White "Giri,A"]
[Black "Nijboer,F"]
[Result "0-1"]
[WhiteElo "2517"]
[BlackElo "2562"]
[EventDate "2009.06.27"]

1. d4 Nf6 2. c4 g6 3. Nc3 Bg7 4. e4 d6 5. f4 c5 6. d5 O-O 7. Nf3 e6 8. Be2
exd5 9. cxd5 Bg4 10. O-O Nbd7 11. h3 Bxf3 12. Bxf3 Ne8 13. g4 Nc7 14. g5 b5
15. h4 b4 16. Ne2 Nb5 17. Kg2 c4 18. Rb1 Qa5 19. h5 Qxa2 20. Be3 Rfe8 21.
hxg6 hxg6 22. Rh1 Rab8 23. Kg3 c3 24. bxc3 Nxc3 25. Nxc3 bxc3 26. Ra1 Qc4
27. Ra4 Rb4 28. Rxa7 Nc5 29. Bxc5 Qxc5 30. Qa1 c2 31. Re7 Rxe7 32. Qa8+ Bf8
33. Rh8+ Kxh8 34. Qxf8+ Kh7 35. Qxe7 Qd4 36. Bh5 Rb3+ 37. Kh4 Qf2+ 0-1

[Event "Intomart GfK Open"]
[Site "Hilversum NED"]
[Date "2009.06.30"]
[Round "4"]
[White "Hendriks,W"]
[Black "Zatonskih,A"]
[Result "1-0"]
[WhiteElo "2447"]
[BlackElo "2461"]
[EventDate "2009.06.27"]

1. e4 c6 2. d4 d5 3. exd5 cxd5 4. c4 Nf6 5. Nc3 e6 6. Nf3 Bb4 7. cxd5 Nxd5
8. Bd2 Nc6 9. Bd3 Be7 10. O-O O-O 11. Qe2 Nf6 12. Bg5 Nb4 13. Bb1 Nbd5 14.
Qd3 g6 15. Re1 b6 16. Bh6 Re8 17. Ne5 Bb7 18. Qh3 Qd6 19. Bc2 Nxc3 20. bxc3
Rac8 21. Bb3 Bf8 22. Re3 Nh5 23. Qxh5 Rxc3 24. Rxc3 Qxd4 25. Rac1 Qe4 26.
Qf3 Qxe5 27. Qxb7 Bxh6 28. Rc8 Bxc1 29. Rxe8+ Kg7 30. g3 Qe1+ 31. Kg2 Be3
32. Qf3 Bxf2 33. Qxf2 1-0

[Event "Intomart GfK Open"]
[Site "Hilversum NED"]
[Date "2009.07.01"]
[Round "5"]
[White "Nijboer,F"]
[Black "Reinderman,D"]
[Result "1/2-1/2"]
[WhiteElo "2562"]
[BlackElo "2560"]
[EventDate "2009.06.27"]

1. e4 c5 2. Nf3 Nc6 3. d4 cxd4 4. Nxd4 Nf6 5. Nc3 e5 6. Ndb5 d6 7. Bg5 a6
8. Na3 b5 9. Bxf6 gxf6 10. Nd5 f5 11. Bd3 Be6 12. O-O Bxd5 13. exd5 Ne7 14.
Re1 Bg7 15. c3 O-O 16. Qh5 e4 17. Bf1 Re8 18. Rad1 Rc8 19. Nc2 Rc5 20. g3
Nxd5 21. Rd2 Re5 22. Qd1 f4 23. Nb4 Qg5 24. Bg2 fxg3 25. hxg3 Nxb4 26. cxb4
Rc8 27. Rxe4 Rxe4 28. Bxe4 Bxb2 29. Rc2 1/2-1/2

[Event "Intomart GfK Open"]
[Site "Hilversum NED"]
[Date "2009.07.01"]
[Round "5"]
[White "Fridman,D2"]
[Black "Pavlovic,Milos"]
[Result "1-0"]
[WhiteElo "2646"]
[BlackElo "2511"]
[EventDate "2009.06.27"]

1. d4 Nf6 2. c4 g6 3. Nf3 Bg7 4. g3 O-O 5. Bg2 d6 6. Nc3 Nbd7 7. O-O e5 8.
e4 exd4 9. Nxd4 Re8 10. h3 c6 11. Re1 Qb6 12. Nc2 Ne5 13. b3 Nfd7 14. Na4
Qa5 15. Bb2 Nf6 16. Bc3 Qc7 17. f4 Ned7 18. Qd2 b5 19. Nb2 Bb7 20. Rad1 Nc5
21. e5 dxe5 22. Bxe5 Qb6 23. Qf2 b4 24. Nd3 Nxd3 25. Rxd3 c5 26. Rd6 1-0

[Event "Intomart GfK Open"]
[Site "Hilversum NED"]
[Date "2009.07.01"]
[Round "5"]
[White "Haslinger,S"]
[Black "L'Ami,E"]
[Result "1/2-1/2"]
[WhiteElo "2544"]
[BlackElo "2598"]
[EventDate "2009.06.27"]

1. e4 c6 2. d4 d5 3. e5 Bf5 4. Nf3 e6 5. Be2 c5 6. Be3 Qb6 7. Nc3 Nc6 8.
dxc5 Bxc5 9. Bxc5 Qxc5 10. Nb5 Kf8 11. Nbd4 Nge7 12. O-O Bg4 13. Re1 Ng6
14. Qd2 h6 15. b4 Qb6 16. Nxc6 bxc6 17. a4 Kg8 18. a5 Qc7 19. Qd4 Bxf3 20.
Bxf3 Kh7 21. h4 Rhc8 22. h5 Nf8 23. c4 Rab8 24. Rab1 Kg8 25. c5 Qe7 26. Bd1
f5 27. Rb3 1/2-1/2

[Event "Intomart GfK Open"]
[Site "Hilversum NED"]
[Date "2009.07.02"]
[Round "6"]
[White "Fridman,D2"]
[Black "Spoelman,W"]
[Result "1/2-1/2"]
[WhiteElo "2646"]
[BlackElo "2512"]
[EventDate "2009.06.27"]

1. d4 d5 2. c4 c6 3. Nc3 Nf6 4. Nf3 dxc4 5. a4 Bf5 6. Ne5 Nbd7 7. Nxc4 Qc7
8. g3 e5 9. dxe5 Nxe5 10. Bf4 Nfd7 11. Bg2 g5 12. Ne3 gxf4 13. Nxf5 O-O-O
14. Qc2 Nc5 15. O-O fxg3 16. hxg3 a5 17. Rad1 h5 18. Rxd8+ Qxd8 19. Rd1 Qf6
20. Bh3 Kb8 21. Qd2 Rg8 22. Kf1 Ng4 23. Qf4+ Ka7 24. Bxg4 hxg4 25. Nd4 Qxf4
1/2-1/2

[Event "Intomart GfK Open"]
[Site "Hilversum NED"]
[Date "2009.07.02"]
[Round "6"]
[White "Krasenkow,M"]
[Black "Nijboer,F"]
[Result "1-0"]
[WhiteElo "2622"]
[BlackElo "2562"]
[EventDate "2009.06.27"]

1. d4 Nf6 2. c4 g6 3. Nc3 Bg7 4. e4 d6 5. Nf3 O-O 6. h3 e5 7. d5 a5 8. Bg5
Na6 9. Be2 Qe8 10. Nd2 Nd7 11. a3 Nb6 12. b3 Bd7 13. O-O f6 14. Be3 f5 15.
f3 Bf6 16. Rb1 Qe7 17. b4 axb4 18. axb4 Bg5 19. Bxg5 Qxg5 20. Rf2 Na4 21.
Qc1 Qe3 22. Nxa4 Bxa4 23. c5 b5 24. cxb6 Qxb6 25. b5 Nc5 26. Nc4 Qb7 27.
Nxe5 Rae8 28. Nd3 Nxd3 29. Bxd3 fxe4 30. Bxe4 Qb6 31. Qc4 Rf4 32. Qc6 Qb8
1-0

[Event "Intomart GfK Open"]
[Site "Hilversum NED"]
[Date "2009.07.02"]
[Round "6"]
[White "L'Ami,E"]
[Black "Slingerland,F"]
[Result "1-0"]
[WhiteElo "2598"]
[BlackElo "2389"]
[EventDate "2009.06.27"]

1. d4 d5 2. c4 dxc4 3. Nf3 a6 4. e3 Nf6 5. Bxc4 e6 6. O-O c5 7. Bb3 Nc6 8.
Nc3 Be7 9. dxc5 Qxd1 10. Rxd1 Bxc5 11. Bd2 Ke7 12. Rac1 Ba7 13. Bc2 Bd7 14.
Ne4 Nxe4 15. Bxe4 Rac8 16. Bxc6 Rxc6 17. Bb4+ Ke8 18. Rxc6 Bxc6 19. Ne5 Bb5
20. Rc1 Bd7 21. Rc7 Bb8 22. Rxd7 Bxe5 23. Rxb7 Kd8 24. Ra7 Re8 25. b3 Kc8
26. Rxa6 Kb7 27. Ra5 Rd8 28. g3 Rd1+ 29. Kg2 Bc7 30. Rb5+ Kc6 31. Rc5+ Kb7
32. Rc2 g5 33. Rd2 Ra1 34. Bc3 Rc1 35. Bb2 Rc5 36. Rd7 f5 37. Bd4 Ra5 38.
b4 1-0

[Event "Intomart GfK Open"]
[Site "Hilversum NED"]
[Date "2009.07.02"]
[Round "6"]
[White "Reinderman,D"]
[Black "Miedema,R"]
[Result "1-0"]
[WhiteElo "2560"]
[BlackElo "2370"]
[EventDate "2009.06.27"]

1. Nf3 e6 2. c4 f5 3. g3 Nf6 4. Bg2 d5 5. O-O c6 6. b3 Bd6 7. Bb2 Nbd7 8.
Qc2 O-O 9. d4 Qe7 10. a4 a5 11. Ne5 Ne4 12. f3 Nxe5 13. fxe4 Ng4 14. e5 Bb4
15. Rf3 f4 16. gxf4 Qh4 17. h3 Qe1+ 18. Bf1 Rxf4 19. Nc3 Qh4 20. hxg4 Qxg4+
21. Kh2 Rxf3 22. exf3 Qxd4 23. Ne4 Qe3 24. Ng3 Bd7 25. Bd3 g6 26. Qe2 Qf4
27. Bc1 Qd4 28. Rb1 Bc5 29. Bg5 Rf8 30. f4 Rf7 31. Rd1 Qc3 32. Qc2 Qb4 33.
Kg2 Be3 34. Kf3 Ba7 35. Bf6 Kf8 36. Rh1 Qc5 37. Bxg6 Qe3+ 38. Kg2 Rxf6 39.
exf6 hxg6 40. Qxg6 Qf2+ 41. Kh3 e5+ 42. f5 1-0

[Event "Intomart GfK Open"]
[Site "Hilversum NED"]
[Date "2009.07.02"]
[Round "6"]
[White "Hendriks,W"]
[Black "Haslinger,S"]
[Result "1/2-1/2"]
[WhiteElo "2447"]
[BlackElo "2544"]
[EventDate "2009.06.27"]

1. e4 e5 2. Bc4 Nf6 3. d3 Nc6 4. Nf3 Be7 5. O-O O-O 6. a4 d6 7. c3 Be6 8.
Nbd2 Qd7 9. Re1 h6 10. a5 a6 11. Bb3 Bxb3 12. Qxb3 Nh5 13. Nf1 Bf6 14. h3
Kh7 15. Ne3 Nf4 16. Qd1 g6 17. d4 Rad8 18. Ng4 Bg7 19. Bxf4 exf4 20. Qd3 f5
21. exf5 Qxf5 22. Qxf5 Rxf5 23. b4 h5 24. Ngh2 Bf6 25. Nd2 Rg8 26. Ne4 Bd8
27. Kf1 Na7 28. Ke2 Nb5 29. Kd3 g5 30. Re2 Rgf8 31. Rae1 Kg6 32. f3 R8f7
33. Nf1 Rd7 34. Kc2 b6 35. axb6 cxb6 36. Kd3 d5 37. Nf2 Rc7 38. Nd1 Rf6 39.
Re5 Rd6 40. Re6+ Bf6 41. R1e2 a5 42. bxa5 bxa5 43. Rxd6 Nxd6 44. Ra2 Re7
45. Nd2 Re1 46. Nb2 Bd8 47. Nb3 Rb1 48. Nxa5 Rxb2 49. Rxb2 Bxa5 50. Rb8 Kf6
51. h4 gxh4 52. Rh8 Nf5 53. Rxh5 Bd8 54. Rh8 Be7 55. Ra8 Ne3 56. Ra2 Ke6
57. Rb2 Bd8 58. Ra2 Kd7 59. Rb2 Kc6 60. Ra2 Bc7 61. Rb2 Ba5 62. Ra2 Bd8 63.
Rb2 Be7 64. Ra2 Bd6 65. Ra6+ Kd7 66. Ra2 Be7 67. Rb2 Ke6 68. Ra2 Kf5 69.
Rb2 Kg6 70. Ra2 Bf6 71. Rb2 Kh5 72. Ra2 Nc4 73. Ra7 Kg6 74. Ra6 Kf5 75. Ra8
Ne3 76. Ra2 Be7 77. Rb2 Ba3 78. Ra2 Nc4 79. Re2 Kf6 80. Ra2 Bc1 81. Ra8 Be3
82. Rh8 Bf2 83. Rf8+ Ke6 84. Rxf4 Ne3 85. Rxh4 Bxh4 86. Kxe3 Kf5 87. Kd3
Kf4 88. c4 dxc4+ 89. Kxc4 Kg3 90. Kd3 Kxg2 91. Ke4 Kg3 92. f4 Kg4 93. f5
Bg3 94. f6 Kg5 95. f7 Bd6 96. Kd5 Ba3 97. Ke6 Kg6 98. d5 Kg7 99. d6 Bxd6
100. Kxd6 Kxf7 1/2-1/2

[Event "Intomart GfK Open"]
[Site "Hilversum NED"]
[Date "2009.07.02"]
[Round "6"]
[White "Hopman,P"]
[Black "Giri,A"]
[Result "0-1"]
[WhiteElo "2325"]
[BlackElo "2517"]
[EventDate "2009.06.27"]

1. d4 d5 2. c4 c6 3. Nc3 Nf6 4. Bg5 dxc4 5. a4 Qa5 6. Nf3 Ne4 7. Bd2 Nxd2
8. Nxd2 e5 9. Nxc4 Qb4 10. Nxe5 Qxb2 11. Rc1 Bb4 12. Qd2 Qxd2+ 13. Kxd2 O-O
14. e3 Nd7 15. Nd3 Ba5 16. Kc2 Nf6 17. Kb2 Bf5 18. Be2 Rfd8 19. Rhd1 Rac8
20. Na2 Be4 21. Bf3 Bxd3 22. Rxd3 c5 23. Rdd1 cxd4 24. Rxc8 Rxc8 25. exd4
Ne8 26. Kb3 Kf8 27. Nb4 Bxb4 28. Kxb4 Nd6 29. Rd2 a5+ 30. Kb3 Rc4 31. Be2
Rb4+ 32. Ka3 Ke7 33. Rd1 Nf5 34. d5 Kd6 35. Bd3 Rd4 36. Bc2 Rxd1 37. Bxd1
Nd4 38. Kb2 Kxd5 39. Kc3 b5 40. axb5 Nxb5+ 41. Kd3 f6 42. f4 Kc5 43. g4 g5
44. fxg5 fxg5 45. Bb3 Nd6 46. h3 h6 0-1

[Event "Intomart GfK Open"]
[Site "Hilversum NED"]
[Date "2009.07.03"]
[Round "7"]
[White "Reinderman,D"]
[Black "L'Ami,E"]
[Result "1/2-1/2"]
[WhiteElo "2560"]
[BlackElo "2598"]
[EventDate "2009.06.27"]

1. c4 e5 2. Nc3 Nc6 3. Nf3 Nf6 4. g3 d5 5. cxd5 Nxd5 6. Bg2 Nb6 7. O-O Be7
8. a3 O-O 9. b4 Be6 10. Rb1 f6 11. d3 Nd4 12. Nd2 c6 13. e3 Nf5 14. Qc2 Qc8
15. Nb3 Nd6 16. Nc5 Bh3 17. f4 Kh8 18. e4 Bxg2 19. Qxg2 Nd7 20. Ne6 Re8 21.
f5 Nf8 22. Nxf8 Rxf8 23. a4 Nf7 24. Be3 Rd8 25. Rfd1 Rd7 26. Qa2 Qf8 27.
Qc4 1/2-1/2

[Event "Intomart GfK Open"]
[Site "Hilversum NED"]
[Date "2009.07.03"]
[Round "7"]
[White "Nijboer,F"]
[Black "Bitalzadeh,A"]
[Result "1-0"]
[WhiteElo "2562"]
[BlackElo "2417"]
[EventDate "2009.06.27"]

1. e4 e6 2. d4 d5 3. Nc3 Nf6 4. e5 Nfd7 5. f4 c5 6. Nf3 Nc6 7. Be3 cxd4 8.
Nxd4 Bc5 9. Qd2 O-O 10. O-O-O a6 11. Nb3 Bb4 12. Bd3 b5 13. g4 Bb7 14. Rhg1
Nb6 15. Qf2 Nc4 16. Bc5 Bxc5 17. Nxc5 Rb8 18. Rg3 Nb4 19. Bxh7+ Kxh7 20.
Rh3+ Kg8 21. g5 Re8 22. Qh4 Kf8 23. a3 Nc6 24. f5 exf5 25. Nxd5 1-0

[Event "Intomart GfK Open"]
[Site "Hilversum NED"]
[Date "2009.07.03"]
[Round "7"]
[White "Heemskerk,W"]
[Black "Pavlovic,Milos"]
[Result "0-1"]
[WhiteElo "2202"]
[BlackElo "2511"]
[EventDate "2009.06.27"]

1. c4 e5 2. Nc3 Bb4 3. g3 Bxc3 4. dxc3 d6 5. Bg2 Nc6 6. e4 Be6 7. Qe2 Qd7
8. Nf3 Bh3 9. Bxh3 Qxh3 10. Nd2 O-O-O 11. f3 Rf8 12. b3 f5 13. Ba3 Nf6 14.
O-O-O fxe4 15. Nxe4 Nxe4 16. fxe4 b6 17. Rhf1 Kb7 18. Kc2 a6 19. Bc1 Nb8
20. Be3 Nd7 21. Bg1 Nf6 22. Rd3 h5 23. a4 Qd7 24. a5 bxa5 25. c5 Qc6 26.
cxd6 cxd6 27. Re1 Rf7 28. Qe3 Ra8 29. Rdd1 Rc7 30. Ra1 d5 31. Rxa5 d4 32.
Qd3 Qxc3+ 33. Qxc3 Rxc3+ 34. Kb2 Re8 35. Ra4 Re6 36. Re2 Rb6 37. Ra3 Nd7
38. Rc2 Rxc2+ 39. Kxc2 Nc5 40. Ra5 Rb5 0-1

[Event "Intomart GfK Open"]
[Site "Hilversum NED"]
[Date "2009.07.03"]
[Round "7"]
[White "Pruijssers,R"]
[Black "Haslinger,S"]
[Result "0-1"]
[WhiteElo "2442"]
[BlackElo "2544"]
[EventDate "2009.06.27"]

1. e4 e5 2. Nf3 Nc6 3. Bb5 Nf6 4. O-O Nxe4 5. d4 a6 6. Ba4 b5 7. Bb3 d5 8.
dxe5 Be6 9. Nbd2 Nc5 10. c3 Bg4 11. Bc2 Ne6 12. Re1 Bc5 13. Nf1 Ne7 14. h3
Bh5 15. g4 Bg6 16. Ng3 O-O 17. Nf5 Bb6 18. a4 bxa4 19. Rxa4 Qd7 20. Ra1 c6
21. Qe2 a5 22. Rd1 Nc7 23. N3h4 Rae8 24. Re1 Nc8 25. Bf4 Ne6 26. Bg3 h6 27.
Kh2 Bh7 28. Qd3 Kh8 29. Qd2 Bd8 30. f4 f6 31. Nf3 Bc7 32. N5h4 g5 33. Ng6+
Bxg6 34. Bxg6 gxf4 35. Bxf4 Nxf4 36. Qxf4 Qg7 37. Bxe8 fxe5 38. Qd2 e4+ 39.
Kh1 Rxf3 40. Bxc6 Rxh3+ 0-1

[Event "Intomart GfK Open"]
[Site "Hilversum NED"]
[Date "2009.07.05"]
[Round "9"]
[White "Haslinger,S"]
[Black "Fridman,D2"]
[Result "1/2-1/2"]
[WhiteElo "2544"]
[BlackElo "2646"]
[EventDate "2009.06.27"]

1. e4 e5 2. Nf3 Nf6 3. Nxe5 d6 4. Nf3 Nxe4 5. d4 d5 6. Bd3 Nc6 7. O-O Be7
8. c4 Nb4 9. cxd5 Nxd3 10. Qxd3 Qxd5 11. Re1 Bf5 12. Nc3 Nxc3 13. Qxc3 Be6
14. Re5 Qc6 15. Qa5 Qb6 16. Qe1 O-O-O 17. d5 Bb4 18. Qe4 Bd7 19. Be3 Bc5
20. Bxc5 Qxc5 21. Re1 h6 1/2-1/2

[Event "Intomart GfK Open"]
[Site "Hilversum NED"]
[Date "2009.07.05"]
[Round "9"]
[White "Reinderman,D"]
[Black "Krasenkow,M"]
[Result "1/2-1/2"]
[WhiteElo "2560"]
[BlackElo "2622"]
[EventDate "2009.06.27"]

1. e4 c5 2. Nf3 e6 3. d4 cxd4 4. Nxd4 Nf6 5. Nc3 Nc6 6. Ndb5 d6 7. Bf4 e5
8. Bg5 a6 9. Na3 b5 10. Bxf6 gxf6 11. Nd5 f5 12. Bd3 Be6 13. O-O Bxd5 14.
exd5 Ne7 15. Re1 Bg7 16. c3 O-O 17. Qh5 e4 18. Bf1 Re8 19. Rad1 Rc8 20. Nc2
Rc5 21. Ne3 f4 22. Nf5 Nxf5 23. Qxf5 Qf6 24. Qxf6 Bxf6 25. Bd3 Rxd5 26. f3
a5 27. Rxe4 Rxe4 28. fxe4 Rc5 29. a3 Be5 30. Kf2 Kg7 31. Kf3 h6 32. Be2 Kf6
33. Rd5 Rxd5 34. exd5 b4 35. axb4 axb4 36. cxb4 Bxb2 37. b5 Bd4 38. Kxf4
Be5+ 39. Ke4 Bxh2 40. b6 Bg1 41. b7 Ba7 42. Kd3 Ke7 43. Bh5 Kd7 44. Bxf7
Kc7 45. Be6 1/2-1/2